00297nam a22001097a 4500082001700000100001900017245005000036260004400086300001200130526003700142650000800179 a943.082bFRA aClarke, F.C.H. aThe Franco-German war 1870-71cClarke, F.C.H. aLondonbHer Majesty's Stationary Office aix, 111 a0b0c0d943_082000000000000_FRA aMCE